[Event "AUT-chT2M 0506"]
[Site "Austria"]
[Date "2005.10.09"]
[Round "2.5"]
[White "Deutsch, Ludwig"]
[Black "Reiss, Georg"]
[Result "1-0"]
[WhiteElo "2103"]
[BlackElo "2003"]
[PlyCount "45"]
[EventDate "2005.10.08"]
[EventType "team"]
[EventRounds "11"]
[EventCountry "AUT"]
[SourceTitle "EXT 2006"]
[Source "ChessBase"]
[SourceDate "2005.11.24"]
[SourceVersion "1"]
[SourceVersionDate "2005.11.24"]
[SourceQuality "1"]
[WhiteTeam "Graz Strassenbahn"]
[BlackTeam "Feffernitz"]
[WhiteTeamCountry "AUT"]
[BlackTeamCountry "AUT"]

1. d4 Nf6 2. Bf4 g6 3. e3 Bg7 4. h3 c5 5. c3 b6 6. Nf3 Bb7 7. Nbd2 d6 8. Bc4 0-0 9. 0-0 Nbd7 10. Qb3 d5 11. Be2 Re8 12. Bh2 Ne4 13. Nxe4 dxe4 14. Nd2 e6 15. Nc4 Bd5 16. Qc2 e5 17. dxe5 Nxe5 18. Rfd1 Nd3 19. Bxd3 exd3 20. Qxd3 Bc6 21. Qd6 Rc8 22. Qf4 Qe7 23. Nd6 1-0

[Event "Graz op"]
[Site "Graz"]
[Date "2005.09.04"]
[Round "2"]
[White "Zoister, Stefan"]
[Black "Deutsch, Ludwig"]
[Result "1-0"]
[WhiteElo "2271"]
[BlackElo "2103"]
[PlyCount "73"]
[EventDate "2005.09.03"]
[EventType "swiss"]
[EventRounds "9"]
[EventCountry "AUT"]
[SourceTitle "EXT 2007"]
[Source "ChessBase"]
[SourceDate "2006.11.23"]
[SourceVersion "1"]
[SourceVersionDate "2006.11.23"]
[SourceQuality "1"]

1. e4 c5 2. Nf3 d5 3. exd5 Qxd5 4. Nc3 Qd8 5. d4 cxd4 6. Qxd4 Qxd4 7. Nxd4 e6 8. Ndb5 Na6 9. Be2 Bd7 10. Be3 Bc6 11. Nxa7 Nb4 12. Nxc6 bxc6 13. Bf3 Ra6 14. 0-0-0 Nf6 15. a3 Nbd5 16. Bd4 Be7 17. Nxd5 cxd5 18. Be2 Ra8 19. Bb5+ Kf8 20. Rhe1 Bd6 21. h3 Ke7 22. f3 Rhc8 23. g4 h6 24. Re2 g6 25. Kb1 Nd7 26. a4 Nc5 27. b3 Rcb8 28. Bxc5 Bxc5 29. Rxd5 Bb4 30. Rd3 Kf6 31. c3 Bc5 32. h4 g5 33. hxg5+ hxg5 34. b4 Bg1 35. Kc2 Re8 36. c4 Rab8 37. Kb3 1-0

[Event "AUT-chT2M 0405"]
[Site "Austria"]
[Date "2005.03.05"]
[Round "8.6"]
[White "Deutsch, Ludwig"]
[Black "Kaspret, Guido"]
[Result "0-1"]
[WhiteElo "2139"]
[BlackElo "2306"]
[PlyCount "86"]
[EventDate "2004.10.16"]
[EventType "team-tourn"]
[EventRounds "11"]
[EventCountry "AUT"]
[SourceTitle "EXT 2005"]
[Source "ChessBase"]
[SourceDate "2004.11.15"]
[SourceVersion "1"]
[SourceVersionDate "2004.11.15"]
[SourceQuality "1"]
[WhiteTeam "Graz Strassenbahn"]
[BlackTeam "Maria Saal"]
[WhiteTeamCountry "AUT"]
[BlackTeamCountry "AUT"]

1. d4 c5 2. d5 Nf6 3. c4 e5 4. Nc3 d6 5. e4 Be7 6. Bd3 0-0 7. Nge2 Nh5 8. 0-0 Bg5 9. Bd2 Nd7 10. Qc1 h6 11. Qc2 Qf6 12. a3 Qg6 13. Kh1 Qf6 14. Kg1 g6 15. f3 Nf4 16. g3 Nxe2+ 17. Bxe2 Qe7 18. Bd3 Kg7 19. b4 b6 20. Ne2 Bxd2 21. Qxd2 f5 22. Rae1 fxe4 23. fxe4 Nf6 24. Nc3 Bh3 25. Rf2 Ng4 26. Rxf8 Rxf8 27. Nd1 Qf6 28. Ne3 Qg5 29. Qc1 Nxh2 30. Nf5+ Bxf5 31. Qxg5 Nf3+ 32. Kf2 Nxg5 33. exf5 gxf5 34. bxc5 bxc5 35. Rb1 e4 36. Be2 Kf6 37. Ke3 Rg8 38. g4 Ke5 39. gxf5 Nh3 40. Rb7 Rg3+ 41. Kd2 Kxf5 42. Rxa7 Nf4 43. Ke1 Re3 0-1

[Event "Graz op-A"]
[Site "Graz"]
[Date "2004.09.12"]
[Round "9"]
[White "Schriebl, Alexander"]
[Black "Deutsch, Ludwig"]
[Result "0-1"]
[WhiteElo "2088"]
[BlackElo "2155"]
[PlyCount "39"]
[EventDate "2004.09.04"]
[EventType "swiss"]
[EventRounds "9"]
[EventCountry "AUT"]
[SourceTitle "EXT 2006"]
[Source "ChessBase"]
[SourceDate "2005.11.24"]
[SourceVersion "1"]
[SourceVersionDate "2005.11.24"]
[SourceQuality "1"]

1. d4 c5 2. d5 d6 3. e4 g6 4. c4 Bg7 5. Nc3 Nd7 6. f4 Ngf6 7. Nf3 0-0 8. Bd3 e6 9. dxe6 fxe6 10. 0-0 Nb8 11. f5 gxf5 12. exf5 e5 13. Bg5 Nc6 14. Nd5 Ne7 15. Nxf6+ Bxf6 16. Bh6 Re8 17. Ng5 Nc6 18. Qg4 Qe7 19. Nf7+ Kxf7 20. Qg6+ 0-1

[Event "Graz op-A"]
[Site "Graz"]
[Date "2004.09.08"]
[Round "5"]
[White "Gutmann, Alois"]
[Black "Deutsch, Ludwig"]
[Result "0-1"]
[WhiteElo "2024"]
[BlackElo "2155"]
[PlyCount "118"]
[EventDate "2004.09.04"]
[EventType "swiss"]
[EventRounds "9"]
[EventCountry "AUT"]
[SourceTitle "EXT 2006"]
[Source "ChessBase"]
[SourceDate "2005.11.24"]
[SourceVersion "1"]
[SourceVersionDate "2005.11.24"]
[SourceQuality "1"]

1. d4 c5 2. d5 d6 3. e4 g6 4. Nc3 Bg7 5. Be3 Nd7 6. Nf3 a6 7. a4 b6 8. Be2 Ngf6 9. 0-0 0-0 10. Nd2 Bb7 11. f3 Ne8 12. Qe1 Nc7 13. Nc4 Rb8 14. Na3 Ne8 15. Qd2 Bc8 16. Bh6 Bd4+ 17. Be3 Bg7 18. Rab1 Qc7 19. Na2 Kh8 20. b4 f5 21. Bh6 Ne5 22. Bxg7+ Nxg7 23. Nc4 Nxc4 24. Bxc4 Bd7 25. Bxa6 cxb4 26. Rxb4 fxe4 27. fxe4 Qa7 28. Bb5 Bxb5 29. Rxb5 Rxf1+ 30. Kxf1 Qxa4 31. Nc3 Qa3 32. Rb3 Rf8+ 33. Ke2 Qc5 34. Qe3 Qc8 35. h3 Nh5 36. g4 Qc4+ 37. Kd2 Nf4 38. Ne2 Nxe2 39. Qxe2 Qd4+ 40. Rd3 Qg1 41. Qe3 Rf2+ 42. Kc3 Qa1+ 43. Kb4 Rxc2 44. Qd4+ Qxd4+ 45. Rxd4 Kg7 46. g5 Rg2 47. Rd3 Rxg5 48. Kc4 Rg1 49. Rb3 Rh1 50. Kd4 h5 51. Rd3 Kf7 52. e5 dxe5+ 53. Kxe5 Re1+ 54. Kf4 Rf1+ 55. Kg5 Rf6 56. Re3 Rd6 57. Re5 b5 58. Kf4 b4 59. Re4 Rb6 0-1

[Event "Graz op-A"]
[Site "Graz"]
[Date "2004.09.07"]
[Round "4"]
[White "Fandler, Simon"]
[Black "Deutsch, Ludwig"]
[Result "1-0"]
[WhiteElo "1997"]
[BlackElo "2155"]
[PlyCount "71"]
[EventDate "2004.09.04"]
[EventType "swiss"]
[EventRounds "9"]
[EventCountry "AUT"]
[SourceTitle "EXT 2006"]
[Source "ChessBase"]
[SourceDate "2005.11.24"]
[SourceVersion "1"]
[SourceVersionDate "2005.11.24"]
[SourceQuality "1"]

1. e4 c5 2. Nf3 Nc6 3. d4 cxd4 4. Nxd4 d6 5. Nc3 g6 6. Be3 Bg7 7. Qd2 Nf6 8. f3 0-0 9. g4 a6 10. 0-0-0 Ne5 11. Be2 b5 12. h4 h5 13. gxh5 Nxh5 14. Rdg1 Nc4 15. Bxc4 bxc4 16. Qe2 e5 17. Nc6 Qe8 18. Qxc4 Be6 19. Nd5 Kh7 20. Na5 Rc8 21. Qb4 Rb8 22. Qd2 Bxd5 23. Qxd5 Rb5 24. Qd2 Qe6 25. Nb3 Rc8 26. Rd1 Bf8 27. Kb1 Rcb8 28. Ka1 a5 29. Nxa5 Ra8 30. b4 d5 31. exd5 Qd7 32. d6 e4 33. Nb3 exf3 34. c4 Rf5 35. Nc5 Qd8 36. d7 1-0

[Event "AUT-ch"]
[Site "Hartberg"]
[Date "2004.07.31"]
[Round "8"]
[White "Bachofner, Christian"]
[Black "Deutsch, Ludwig"]
[Result "1/2-1/2"]
[WhiteElo "2163"]
[BlackElo "2155"]
[PlyCount "68"]
[EventDate "2004.07.24"]
[EventType "swiss"]
[EventRounds "9"]
[EventCountry "AUT"]
[SourceTitle "CBM 101 Extra"]
[Source "ChessBase"]
[SourceDate "2004.09.01"]
[SourceVersion "2"]
[SourceVersionDate "2004.09.01"]
[SourceQuality "1"]

1. e4 c5 2. Nf3 Nc6 3. d4 cxd4 4. Nxd4 e5 5. Nb5 a6 6. Nd6+ Bxd6 7. Qxd6 Qe7 8. Qxe7+ Ngxe7 9. Nc3 d5 10. exd5 Nb4 11. Bd3 Nbxd5 12. Nxd5 Nxd5 13. Bd2 Be6 14. 0-0 0-0-0 15. Rfe1 Nf4 16. Bxf4 exf4 17. a3 Kc7 18. Rad1 a5 19. Be4 h6 20. Bf3 b6 21. Rxd8 Rxd8 22. Rd1 Rxd1+ 23. Bxd1 Bc4 24. f3 Kd6 25. Kf2 Ke5 26. Be2 Bd5 27. Ke1 g5 28. Kd2 f5 29. c4 Bc6 30. Kc3 h5 31. b4 g4 32. bxa5 bxa5 33. h3 h4 34. Kd3 Bb7 1/2-1/2

[Event "AUT-ch"]
[Site "Hartberg"]
[Date "2004.07.29"]
[Round "6"]
[White "Herrmann, Johann"]
[Black "Deutsch, Ludwig"]
[Result "1-0"]
[WhiteElo "2168"]
[BlackElo "2155"]
[PlyCount "75"]
[EventDate "2004.07.24"]
[EventType "swiss"]
[EventRounds "9"]
[EventCountry "AUT"]
[SourceTitle "CBM 101 Extra"]
[Source "ChessBase"]
[SourceDate "2004.09.01"]
[SourceVersion "2"]
[SourceVersionDate "2004.09.01"]
[SourceQuality "1"]

1. c4 c5 2. Nc3 Nc6 3. g3 g6 4. Bg2 Bg7 5. e3 d6 6. Nge2 Nf6 7. 0-0 0-0 8. d4 Nd7 9. d5 Nce5 10. b3 Nf6 11. f4 Neg4 12. h3 Nh6 13. e4 Ne8 14. Be3 f6 15. Qd2 Nf7 16. Rae1 Bd7 17. g4 a6 18. Nc1 b5 19. Nd3 Nc7 20. Bf2 a5 21. Bg3 bxc4 22. bxc4 Qc8 23. e5 Be8 24. e6 Nd8 25. Nxc5 dxc5 26. d6 Ndxe6 27. dxe7 Bf7 28. exf8Q+ Bxf8 29. Bxa8 Qxa8 30. Nd5 Nd4 31. Qg2 Qa6 32. Rc1 f5 33. gxf5 Nxf5 34. Bf2 Ne6 35. h4 Neg7 36. Rfe1 Nh5 37. Re5 Be6 38. Nc7 1-0

[Event "AUT-ch"]
[Site "Hartberg"]
[Date "2004.07.27"]
[Round "4"]
[White "Deutsch, Ludwig"]
[Black "Almer, Gerald"]
[Result "1-0"]
[WhiteElo "2155"]
[BlackElo "2105"]
[PlyCount "185"]
[EventDate "2004.07.24"]
[EventType "swiss"]
[EventRounds "9"]
[EventCountry "AUT"]
[SourceTitle "CBM 101 Extra"]
[Source "ChessBase"]
[SourceDate "2004.09.01"]
[SourceVersion "2"]
[SourceVersionDate "2004.09.01"]
[SourceQuality "1"]

1. d4 d5 2. Nf3 Nf6 3. c4 e6 4. Nc3 Be7 5. e3 0-0 6. Bd3 b6 7. 0-0 Bb7 8. cxd5 Nxd5 9. e4 Nxc3 10. bxc3 c5 11. Be3 Nc6 12. d5 Na5 13. c4 b5 14. dxe6 fxe6 15. cxb5 c4 16. Bc2 Qc7 17. Qe2 e5 18. Rab1 Bc5 19. Nd2 Bxe3 20. Qxe3 Kh8 21. Qc3 Rac8 22. Rb4 Rfd8 23. Nf3 Ba8 24. Ra4 Nb7 25. Rxa7 Qb6 26. Ra3 Qxb5 27. Nxe5 Nd6 28. Ra5 Qe8 29. f3 Kg8 30. Ng4 Qc6 31. Rg5 Rc7 32. h4 Nb5 33. Qe3 Nd4 34. Rd5 Rxd5 35. exd5 Nxc2 36. dxc6 Nxe3 37. Nxe3 Bxc6 38. Rc1 Bb5 39. Nd1 Kf7 40. Nc3 Bd7 41. Kf2 Be6 42. Ke3 Rb7 43. Rc2 Ke7 44. Rd2 Rb8 45. g4 Rb7 46. Ke4 Rb8 47. Ke5 Rb7 48. Rd6 Bf7 49. Ra6 Rd7 50. Ne4 Rd5+ 51. Kf4 Rd7 52. Rc6 Ra7 53. Ke5 Ra5+ 54. Kd4 Rd5+ 55. Ke3 Rd3+ 56. Kf4 Rd7 57. a4 Ra7 58. Nc3 Kd7 59. Rc5 Ra6 60. a5 Rh6 61. h5 Ra6 62. Rg5 g6 63. hxg6 Bxg6 64. Ke3 Bd3 65. f4 Re6+ 66. Kd4 Ra6 67. Rb5 Rg6 68. g5 h6 69. gxh6 Rxh6 70. Rb7+ Kc8 71. Rb6 Rxb6 72. axb6 Kb7 73. Kc5 Bg6 74. Nb5 Ka6 75. Nc3 Kb7 76. Kb5 Bd3 77. Kc5 Bg6 78. Kb5 Bd3 79. Ka5 Bg6 80. Nb5 Bd3 81. Nd6+ Kc6 82. b7 Kc7 83. Kb4 Kb8 84. Kc3 Kc7 85. Nxc4 Bh7 86. Nd6 Bg6 87. Kd4 Bh7 88. Ke5 Bb1 89. f5 Bc2 90. f6 Bb3 91. Kf5 Bc2+ 92. Ke6 Bb3+ 93. Ke7 1-0

[Event "AUT-ch"]
[Site "Hartberg"]
[Date "2004.07.25"]
[Round "2"]
[White "Deutsch, Ludwig"]
[Black "Wegerer, Fred"]
[Result "0-1"]
[WhiteElo "2155"]
[BlackElo "2230"]
[PlyCount "80"]
[EventDate "2004.07.24"]
[EventType "swiss"]
[EventRounds "9"]
[EventCountry "AUT"]
[SourceTitle "CBM 101 Extra"]
[Source "ChessBase"]
[SourceDate "2004.09.01"]
[SourceVersion "2"]
[SourceVersionDate "2004.09.01"]
[SourceQuality "1"]

1. d4 Nf6 2. Nf3 e6 3. g3 b6 4. Bg2 Bb7 5. 0-0 c5 6. c3 Be7 7. Bg5 0-0 8. Nbd2 cxd4 9. Nxd4 Bxg2 10. Kxg2 d5 11. f3 h6 12. Be3 Qd7 13. N2b3 Rd8 14. Bf2 Na6 15. a4 Nc5 16. Nxc5 bxc5 17. Nc2 Rab8 18. Ra2 Rb7 19. Ne3 Rdb8 20. Qc2 Rb3 21. Nd1 Qb7 22. Re1 a6 23. Kg1 Nd7 24. e4 Ne5 25. Kg2 c4 26. Re2 Nd3 27. exd5 Qxd5 28. Re4 Bc5 29. Re2 g5 30. h3 Kg7 31. Qd2 Bxf2 32. Nxf2 Rxb2 33. Qe3 Rxa2 34. Rxa2 Rb1 35. Re2 Nxf2 36. Qxf2 Qd1 37. Qd4+ Qxd4 38. cxd4 Rd1 39. Re5 c3 40. Rc5 Rd2+ 0-1

[Event "AUT-ch"]
[Site "Hartberg"]
[Date "2004.07.24"]
[Round "1"]
[White "Beck, Hartmuth"]
[Black "Deutsch, Ludwig"]
[Result "1-0"]
[WhiteElo "2279"]
[BlackElo "2155"]
[PlyCount "111"]
[EventDate "2004.07.24"]
[EventType "swiss"]
[EventRounds "9"]
[EventCountry "AUT"]
[SourceTitle "CBM 101 Extra"]
[Source "ChessBase"]
[SourceDate "2004.09.01"]
[SourceVersion "2"]
[SourceVersionDate "2004.09.01"]
[SourceQuality "1"]

1. d4 c5 2. d5 d6 3. c4 g6 4. Nc3 Bg7 5. e4 Nf6 6. f4 0-0 7. Nf3 e6 8. Be2 exd5 9. cxd5 a6 10. a4 Re8 11. e5 Nfd7 12. exd6 Nf6 13. 0-0 Qxd6 14. Ne5 Nbd7 15. Nc4 Qc7 16. Bf3 h5 17. h3 Nf8 18. d6 Qd8 19. Be3 Be6 20. Ne5 N6d7 21. Bxb7 Nxe5 22. fxe5 Rb8 23. Bxa6 Rxb2 24. Bb5 Nd7 25. Qc1 Rb4 26. Bf4 Rf8 27. Qe3 Rb3 28. Rac1 Qa8 29. Bxd7 Bxd7 30. Bh6 Rb2 31. Rf2 Rxf2 32. Kxf2 Rb8 33. Rc2 Bf5 34. Rd2 Be6 35. Bxg7 Kxg7 36. Qf4 Qa5 37. Ne4 c4 38. d7 Rd8 39. Ng5 Kg8 40. Nxe6 fxe6 41. Qg5 Kh7 42. Qe7+ Kh6 43. Rd1 Qb6+ 44. Kf1 c3 45. Rc1 c2 46. g4 hxg4 47. hxg4 Qb1 48. Qh4+ Kg7 49. Qf6+ Kh6 50. g5+ Kh5 51. Qf3+ Kxg5 52. Qe3+ Kh5 53. Ke2 Rxd7 54. Qh3+ Kg5 55. Qg2+ Kh6 56. Qh1+ 1-0

[Event "Zalakaros op 23rd"]
[Site "Zalakaros"]
[Date "2004.05.18"]
[Round "5"]
[White "Deutsch, Ludwig"]
[Black "Juhasz, Nagy Sandor"]
[Result "1-0"]
[WhiteElo "2174"]
[BlackElo "1797"]
[PlyCount "73"]
[EventDate "2004.05.14"]
[EventType "swiss"]
[EventRounds "9"]
[EventCountry "HUN"]
[SourceTitle "EXT 2008"]
[Source "ChessBase"]
[SourceDate "2007.11.25"]
[SourceVersion "1"]
[SourceVersionDate "2007.11.25"]
[SourceQuality "1"]

1. d4 d5 2. Bf4 Nf6 3. e3 c6 4. c3 Qb6 5. Qb3 Qxb3 6. axb3 a6 7. h3 Bf5 8. Nd2 Nbd7 9. Ngf3 e6 10. b4 Rc8 11. Nb3 Ra8 12. Nc5 Nxc5 13. bxc5 Kd7 14. Ne5+ Ke7 15. f3 Nd7 16. Nd3 f6 17. g4 Bg6 18. Be2 Kf7 19. Kd2 Re8 20. Bg3 e5 21. Nb4 h5 22. h4 hxg4 23. fxg4 Be4 24. Rhf1 g6 25. Bxa6 Nxc5 26. dxc5 bxa6 27. Rxa6 d4 28. cxd4 exd4 29. exd4 Rc8 30. Kc3 Be7 31. Ra7 Ke6 32. Re1 f5 33. h5 Bf6 34. Nd3 Bg5 35. Nf2 Rhf8 36. Nxe4 fxe4 37. Rxe4+ 1-0

[Event "Zalakaros op 22nd"]
[Site "Zalakaros"]
[Date "2003.05.18"]
[Round "3"]
[White "Deutsch, Ludwig"]
[Black "Pergel, Laszlo"]
[Result "1/2-1/2"]
[WhiteElo "2188"]
[BlackElo "2342"]
[PlyCount "115"]
[EventDate "2003.05.16"]
[EventType "swiss"]
[EventRounds "9"]
[EventCountry "HUN"]
[SourceTitle "EXT 2005"]
[Source "ChessBase"]
[SourceDate "2004.11.15"]
[SourceVersion "1"]
[SourceVersionDate "2004.11.15"]
[SourceQuality "1"]

1. d4 d5 2. Nf3 Nc6 3. Bf4 Bg4 4. e3 Qd7 5. h3 Bf5 6. Bd3 Bxd3 7. cxd3 e6 8. Nc3 Bd6 9. Bxd6 Qxd6 10. 0-0 f6 11. a3 Nge7 12. Rc1 0-0 13. Qc2 Kh8 14. Na4 Rac8 15. Qd2 e5 16. Qc3 Nf5 17. Qc5 exd4 18. exd4 Qd7 19. b3 Rfe8 20. Qc3 Qf7 21. b4 Nd6 22. Qb2 Nd8 23. Rfe1 Ne6 24. Nc5 Nf8 25. Qd2 b6 26. Nb3 Rxe1+ 27. Rxe1 Re8 28. Rxe8 Qxe8 29. Qe3 Qd7 30. Qc1 Kg8 31. Nbd2 Ne6 32. Nf1 Nf5 33. Qb2 Nf4 34. Qd2 Ne6 35. Qc3 Nd6 36. Ne3 Nb5 37. Qb2 c6 38. g3 Qe8 39. a4 Nbc7 40. Qc3 Qd7 41. Kg2 Nd8 42. Nh4 g6 43. Ng4 Kg7 44. Qd2 Nf7 45. Qf4 Qd6 46. Qd2 Na6 47. b5 cxb5 48. axb5 Nc7 49. Qb2 Qd7 50. Qa2 Nxb5 51. Nf3 Ng5 52. Nxg5 fxg5 53. Qa4 Qc6 54. Ne5 Qe8 55. Qb3 Nxd4 56. Qxd5 Nf5 57. Nc4 Qe2 58. Qb7+ 1/2-1/2

[Event "AUT-chT2M 0203"]
[Site "Austria"]
[Date "2002.12.01"]
[Round "5"]
[White "Deutsch, Ludwig"]
[Black "Demuth, Markus"]
[Result "1-0"]
[WhiteElo "2194"]
[BlackElo "2228"]
[PlyCount "83"]
[EventDate "2002.10.11"]
[EventType "team"]
[EventRounds "11"]
[EventCountry "AUT"]
[SourceTitle "EXT 2004"]
[Source "ChessBase"]
[SourceDate "2003.11.25"]
[SourceVersion "1"]
[SourceVersionDate "2003.11.25"]
[SourceQuality "1"]

1. d4 e6 2. Nf3 f5 3. g3 Nf6 4. Bg2 Be7 5. c4 0-0 6. Nc3 d6 7. 0-0 Qe8 8. Re1 Qg6 9. Bg5 Nc6 10. Bxf6 Bxf6 11. e3 e5 12. Nd5 Bd8 13. b4 Qe8 14. Rc1 Kh8 15. a3 Be6 16. b5 Bxd5 17. cxd5 Na5 18. dxe5 dxe5 19. Qa4 e4 20. Nd4 b6 21. Ne6 Rf7 22. f4 Nb7 23. Qb3 Nd6 24. Rc6 a6 25. a4 axb5 26. axb5 h6 27. Bf1 Kh7 28. Rec1 Ra7 29. Be2 Rd7 30. Kf2 Qe7 31. R1c2 Kh8 32. Ra2 Rxa2 33. Qxa2 Ne8 34. Nd4 Qf7 35. Re6 Kh7 36. Nc6 Bf6 37. Qa8 Nd6 38. Ne5 Bxe5 39. fxe5 f4 40. exd6 fxe3+ 41. Kxe3 cxd6 42. Qa4 1-0

[Event "AUT-chT2M 0203"]
[Site "Austria"]
[Date "2002.11.30"]
[Round "4"]
[White "Benda, Herbert"]
[Black "Deutsch, Ludwig"]
[Result "1-0"]
[WhiteElo "2251"]
[BlackElo "2194"]
[PlyCount "85"]
[EventDate "2002.10.11"]
[EventType "team"]
[EventRounds "11"]
[EventCountry "AUT"]
[SourceTitle "EXT 2004"]
[Source "ChessBase"]
[SourceDate "2003.11.25"]
[SourceVersion "1"]
[SourceVersionDate "2003.11.25"]
[SourceQuality "1"]

1. e4 c5 2. Nf3 Nc6 3. d4 cxd4 4. Nxd4 e5 5. Nb5 a6 6. Nd6+ Bxd6 7. Qxd6 Qe7 8. Qd1 Nf6 9. Nc3 d6 10. Bg5 Be6 11. Nd5 Bxd5 12. exd5 Nb8 13. c4 Nbd7 14. Bd3 h6 15. Be3 Rc8 16. Rc1 0-0 17. 0-0 Rfe8 18. Bf5 b6 19. Rc3 Rb8 20. b4 a5 21. a3 Red8 22. Qd2 Qf8 23. g4 Nh7 24. f4 exf4 25. Bxf4 Rb7 26. Rg3 g5 27. Be3 Qg7 28. Bd4 Ne5 29. bxa5 bxa5 30. Qc3 f6 31. Qxa5 Rdb8 32. c5 dxc5 33. Qxc5 Nf8 34. d6 Ned7 35. Qd5+ Qf7 36. Qxf7+ Kxf7 37. Re3 Re8 38. Rfe1 Reb8 39. Re7+ Kg8 40. Rc1 Ne5 41. Bxe5 fxe5 42. Rxb7 Rxb7 43. Rc8 1-0

[Event "AUT-chT2M 0203"]
[Site "Austria"]
[Date "2002.10.12"]
[Round "2"]
[White "Waldmann, Gerald"]
[Black "Deutsch, Ludwig"]
[Result "1/2-1/2"]
[WhiteElo "2160"]
[BlackElo "2194"]
[PlyCount "21"]
[EventDate "2002.10.11"]
[EventType "team"]
[EventRounds "11"]
[EventCountry "AUT"]
[SourceTitle "CBM 090 Extra"]
[Source "ChessBase"]
[SourceDate "2002.11.07"]
[SourceVersion "1"]
[SourceVersionDate "2002.11.07"]
[SourceQuality "1"]

1. e4 c5 2. Nf3 Nc6 3. d4 cxd4 4. Nxd4 e5 5. Nb3 Nf6 6. Nc3 a6 7. Bg5 Be7 8. Qd2 h6 9. Bxf6 Bxf6 10. Nd5 Bg5 11. Qd3 1/2-1/2

[Event "Oberwart op"]
[Site "Oberwart"]
[Date "2002.07.06"]
[Round "2"]
[White "Deutsch, Ludwig"]
[Black "Sale, Srdjan"]
[Result "0-1"]
[WhiteElo "2180"]
[BlackElo "2403"]
[PlyCount "68"]
[EventDate "2002.07.05"]
[EventType "swiss"]
[EventRounds "9"]
[EventCountry "AUT"]
[SourceTitle "CBM 089 Extra"]
[Source "ChessBase"]
[SourceDate "2002.09.10"]
[SourceVersion "2"]
[SourceVersionDate "2002.09.10"]
[SourceQuality "1"]

1. d4 Nf6 2. g3 c5 3. d5 e6 4. dxe6 fxe6 5. c4 Nc6 6. Bg2 Be7 7. Nc3 0-0 8. e4 a6 9. f4 d6 10. Nf3 Rb8 11. a4 Ne8 12. 0-0 Nc7 13. Qc2 b5 14. axb5 axb5 15. cxb5 Nxb5 16. Nxb5 Rxb5 17. Rd1 Qb6 18. h4 h6 19. Kh2 Kh8 20. g4 Rb4 21. g5 Qb8 22. Kg1 Bd7 23. Ra3 Be8 24. Bh3 Bh5 25. Bxe6 Nd4 26. Rxd4 cxd4 27. f5 d5 28. exd5 Rc4 29. Qxc4 Qg3+ 30. Kf1 Bxa3 31. Nxd4 Qh3+ 32. Kg1 Bd6 33. Ne2 Bxe2 34. Qxe2 Bc5+ 0-1

[Event "Zalakaros op 21st"]
[Site "Zalakaros"]
[Date "2002.05.26"]
[Round "4"]
[White "Vajda, Szidonia"]
[Black "Deutsch, Ludwig"]
[Result "1-0"]
[WhiteElo "2367"]
[BlackElo "2191"]
[PlyCount "75"]
[EventDate "2002.05.23"]
[EventType "swiss"]
[EventRounds "9"]
[EventCountry "HUN"]
[SourceTitle "EXT 2004"]
[Source "ChessBase"]
[SourceDate "2003.11.25"]
[SourceVersion "1"]
[SourceVersionDate "2003.11.25"]
[SourceQuality "1"]

1. e4 c5 2. Nf3 Nc6 3. c3 e6 4. d4 d5 5. exd5 exd5 6. Be3 cxd4 7. Nxd4 Bd6 8. Bd3 Nge7 9. Nd2 0-0 10. Qh5 f5 11. Nxc6 bxc6 12. Nb3 Qe8 13. Qxe8 Rxe8 14. 0-0-0 f4 15. Bc5 Bxc5 16. Nxc5 Bf5 17. Ba6 Bc8 18. Rhe1 Bxa6 19. Nxa6 Rac8 20. g3 Ng6 21. Nb4 Kf7 22. a4 a5 23. Nd3 Rxe1 24. Rxe1 fxg3 25. hxg3 c5 26. f4 Kf6 27. Nf2 h5 28. c4 Kf5 29. cxd5 Rd8 30. Nd1 Kg4 31. Re6 Nf8 32. Re3 h4 33. Nf2+ Kf5 34. Re5+ Kf6 35. gxh4 Ng6 36. Ne4+ Kf7 37. Rf5+ Kg8 38. d6 1-0

[Event "Graz op"]
[Site "Graz"]
[Date "2002.??.??"]
[Round "4"]
[White "Deutsch, Ludwig"]
[Black "Hrastnik, Horst"]
[Result "1-0"]
[WhiteElo "2191"]
[BlackElo "2150"]
[PlyCount "144"]
[EventDate "2002.??.??"]
[EventType "swiss"]
[EventRounds "9"]
[EventCountry "AUT"]
[SourceTitle "EXT 2003"]
[Source "ChessBase"]
[SourceDate "2002.11.25"]
[SourceVersion "1"]
[SourceVersionDate "2002.11.25"]
[SourceQuality "1"]

1. d4 Nf6 2. Bf4 d6 3. e3 g6 4. Nd2 Bg7 5. Be2 c6 6. c3 Nbd7 7. h4 h5 8. Ngf3 Nf8 9. Ng5 Ne6 10. Nxe6 Bxe6 11. e4 Bd7 12. f3 Rc8 13. a4 a5 14. Bg5 Nh7 15. Bf4 e5 16. dxe5 dxe5 17. Be3 Be6 18. Nc4 Bxc4 19. Qxd8+ Rxd8 20. Bxc4 0-0 21. Bb6 Rd7 22. Rd1 Rxd1+ 23. Kxd1 Ra8 24. Ke2 Bf6 25. Rd1 Nf8 26. g3 Kg7 27. Rd3 Be7 28. Bc7 Kf6 29. f4 exf4 30. Bxf4 Kg7 31. Bc7 f6 32. e5 fxe5 33. Bxe5+ Bf6 34. Bc7 Kh7 35. Kf3 Kg7 36. Bb6 Be7 37. Ke2 Bf6 38. Kd2 g5 39. hxg5 Bxg5+ 40. Kc2 Bf6 41. Bc7 Be7 42. Rd1 h4 43. Be5+ Kg6 44. gxh4 Bxh4 45. Rf1 Nd7 46. Bd3+ Kh6 47. Bf4+ Kg7 48. Rh1 Rh8 49. Bc7 Bf2 50. Rxh8 Kxh8 51. Bxa5 b6 52. Bb4 c5 53. Ba3 Kg7 54. Bb5 Ne5 55. Kd2 Kf6 56. b3 Ke6 57. Ke2 Bg1 58. Bc1 Bh2 59. Bg5 Kd6 60. Kf2 Nf7 61. Bd2 Kc7 62. Kf3 Bd6 63. Ke4 Nd8 64. Kd5 Nb7 65. Bd3 Na5 66. Bc2 Nc6 67. Kc4 Na5+ 68. Kb5 Nc6 69. Be4 Na7+ 70. Ka6 Nc6 71. Kb5 Na7+ 72. Kc4 Nc8 1-0

[Event "Graz op"]
[Site "Graz"]
[Date "2002.??.??"]
[Round "3"]
[White "Suppan, Harald"]
[Black "Deutsch, Ludwig"]
[Result "1/2-1/2"]
[WhiteElo "2043"]
[BlackElo "2191"]
[PlyCount "33"]
[EventDate "2002.??.??"]
[EventType "swiss"]
[EventRounds "9"]
[EventCountry "AUT"]
[SourceTitle "EXT 2003"]
[Source "ChessBase"]
[SourceDate "2002.11.25"]
[SourceVersion "1"]
[SourceVersionDate "2002.11.25"]
[SourceQuality "1"]

1. d4 d5 2. c4 dxc4 3. Nf3 Nf6 4. Nc3 e6 5. e3 c6 6. Bxc4 Be7 7. 0-0 Nbd7 8. b3 Nf8 9. Bb2 Ng6 10. Qc2 0-0 11. a4 a5 12. Rad1 Nh5 13. e4 Nhf4 14. Bc1 Bb4 15. Ne2 Nxe2+ 16. Qxe2 Qc7 17. e5 1/2-1/2

[Event "Graz op"]
[Site "Graz"]
[Date "2001.??.??"]
[Round "6"]
[White "Deutsch, Ludwig"]
[Black "Agovic, Mirsad"]
[Result "1-0"]
[WhiteElo "2266"]
[BlackElo "2003"]
[PlyCount "69"]
[EventDate "2001.09.??"]
[EventType "swiss"]
[EventRounds "9"]
[EventCountry "AUT"]
[SourceTitle "EXT 2002"]
[Source "ChessBase"]
[SourceDate "2001.11.25"]
[SourceVersion "1"]
[SourceVersionDate "2001.11.25"]
[SourceQuality "1"]

1. d4 f5 2. g4 fxg4 3. e4 d5 4. e5 Bf5 5. Nc3 c6 6. h3 Qd7 7. Bd3 g3 8. fxg3 g6 9. g4 Bxd3 10. Qxd3 e6 11. Be3 Bb4 12. Nge2 Na6 13. a3 Be7 14. b4 Bh4+ 15. Kd2 b5 16. Raf1 Be7 17. Nc1 0-0-0 18. Rf7 Rf8 19. Rhf1 Qe8 20. R7f3 Nc7 21. Nb3 Kd7 22. Ne2 Na8 23. Nc5+ Bxc5 24. dxc5 Ne7 25. Bh6 Rxf3 26. Qxf3 Nc7 27. Nd4 Qa8 28. Qf7 Re8 29. Rf6 a5 30. Nxe6 axb4 31. Nxc7 Kxc7 32. axb4 Qa1 33. Rxc6+ Kb7 34. Rb6+ Kc7 35. Qf4 1-0